<?xml version="1.0" encoding="UTF-8"?>
<record
    xmlns:xsi="http://www.w3.org/2001/XMLSchema-instance"
    xsi:schemaLocation="http://www.loc.gov/MARC21/slim http://www.loc.gov/standards/marcxml/schema/MARC21slim.xsd"
    xmlns="http://www.loc.gov/MARC21/slim">

  <leader>00624nam a2200133Ia 4500</leader>
  <controlfield tag="008">100328s9999    xx            000 0 und d</controlfield>
  <datafield tag="082" ind1=" " ind2=" ">
    <subfield code="b">11897</subfield>
  </datafield>
  <datafield tag="100" ind1=" " ind2=" ">
    <subfield code="a">&#x92C;&#x94D;&#x930;&#x947;&#x91D;&#x94D;&#x928;&#x947;&#x935; &#x932;&#x93F;&#x913;&#x928;&#x93F;&#x926; &#x907;&#x932;&#x94D;&#x92F;&#x93F;&#x91A;</subfield>
  </datafield>
  <datafield tag="245" ind1=" " ind2=" ">
    <subfield code="a">&#x92E;&#x932;&#x93E;&#x92F;&#x93E; &#x91D;&#x947;&#x92E;&#x932;&#x94D;&#x92F;&#x93E; (&#x91B;&#x94B;&#x91F;&#x940; &#x92D;&#x942;&#x92E;&#x940;) &#x92A;&#x941;&#x928;&#x930;&#x941;&#x91C;&#x94D;&#x91C;&#x940;&#x935;&#x928;</subfield>
  </datafield>
  <datafield tag="260" ind1=" " ind2=" ">
    <subfield code="b">&#x924;&#x915;&#x94D;&#x937;&#x936;&#x940;&#x932;&#x93E;</subfield>
  </datafield>
  <datafield tag="630" ind1=" " ind2=" ">
    <subfield code="a">&#x92E;&#x932;&#x93E;&#x92F;&#x93E; &#x91D;&#x947;&#x92E;&#x932;&#x94D;&#x92F;&#x93E; (&#x91B;&#x94B;&#x91F;&#x940; &#x92D;&#x942;&#x92E;&#x940;) &#x92A;&#x941;&#x928;&#x930;&#x941;&#x91C;&#x94D;&#x91C;&#x940;&#x935;&#x928;</subfield>
  </datafield>
  <datafield tag="730" ind1=" " ind2=" ">
    <subfield code="a">&#x92E;&#x932;&#x93E;&#x92F;&#x93E; &#x91D;&#x947;&#x92E;&#x932;&#x94D;&#x92F;&#x93E; (&#x91B;&#x94B;&#x91F;&#x940; &#x92D;&#x942;&#x92E;&#x940;) &#x92A;&#x941;&#x928;&#x930;&#x941;&#x91C;&#x94D;&#x91C;&#x940;&#x935;&#x928;</subfield>
  </datafield>
  <datafield tag="942" ind1=" " ind2=" ">
    <subfield code="c">BOOK</subfield>
  </datafield>
  <datafield tag="999" ind1=" " ind2=" ">
    <subfield code="c">507202</subfield>
    <subfield code="d">507199</subfield>
  </datafield>
  <datafield tag="952" ind1=" " ind2=" ">
    <subfield code="0">0</subfield>
    <subfield code="1">0</subfield>
    <subfield code="4">0</subfield>
    <subfield code="7">0</subfield>
    <subfield code="a">RNV</subfield>
    <subfield code="b">RNV</subfield>
    <subfield code="d">2010-03-28</subfield>
    <subfield code="l">0</subfield>
    <subfield code="p">RNV-11897</subfield>
    <subfield code="r">2010-03-28 00:00:00</subfield>
    <subfield code="w">2010-03-28</subfield>
    <subfield code="y">BOOK</subfield>
  </datafield>
</record>
